Metodología de enseñanza en el fútbol:materiales adecuados para la formación de técnicos deportivos en fútbol/Sergio Piernas Cárdenas, Iván Rafael Díaz Infantes (Registro nro. 19316)
[ vista simple ]
| 000 -LEADER | |
|---|---|
| fixed length control field | 00665nam a22001931a 4500 |
| 001 - CONTROL NUMBER | |
| control field | 19316 |
| 003 - CONTROL NUMBER IDENTIFIER | |
| control field | OSt |
| 005 - DATE AND TIME OF LATEST TRANSACTION | |
| control field | 20260204212448.0 |
| 008 - FIXED-LENGTH DATA ELEMENTS--GENERAL INFORMATION | |
| fixed length control field | 190426s2016||||dr ||||||b||||||||||spa|| |
| 020 ## - NUMERO DE LIBRO INTERNACIONAL NORMALIZADO | |
| International Standard Book Number | 9788497293631 |
| 082 ## - DEWEY DECIMAL CLASSIFICATION NUMBER | |
| Classification number | 796.332 077 P619m |
| 100 ## - ASIENTO PRINCIPAL -- NOMBRE PERSONAL | |
| Personal name | Piernas Cárdenas, Sergio |
| 245 ## - TÍTULO PROPIAMENTE DICHO: SUBTÍTULO | |
| Title | Metodología de enseñanza en el fútbol:materiales adecuados para la formación de técnicos deportivos en fútbol/Sergio Piernas Cárdenas, Iván Rafael Díaz Infantes |
| 264 ## - PRODUCTION, PUBLICATION, DISTRIBUTION, MANUFACTURE, AND COPYRIGHT NOTICE | |
| Place of production, publication, distribution, manufacture | Barcelona, España:INDE |
| 300 ## - PHYSICAL DESCRIPTION | |
| Extensión | 149 Páginas |
| 650 ## - ASIENTO SECUNDARIO DE MATERIA -- TERMINO TEMÁTICO | |
| Termino Temático Como Elemento de Entrada | Deporte 2.Fútbol 3.Metodología de enseñanza |
| 700 ## - ASIENTO SECUNDARIO -- NOMBRE PERSONAL | |
| Personal name | Díaz Infantes, Iván RafelÌ |
| 942 ## - ADDED ENTRY ELEMENTS (KOHA) | |
| Source of classification or shelving scheme | Dewey Decimal Classification |
| Koha item type | Libros |
| Withdrawn status | Lost status | Source of classification or shelving scheme | Damaged status | Not for loan | Current library | Date acquired | Total Checkouts | Full call number | Barcode | Date last seen | Price effective from | Koha item type |
|---|---|---|---|---|---|---|---|---|---|---|---|---|
| Dewey Decimal Classification | Biblioteca UTECO | 09/09/2019 | 796.332 077 P619M | 019118 | 09/09/2019 | 09/09/2019 | Libros | |||||
| Dewey Decimal Classification | Biblioteca UTECO | 09/09/2019 | 796.332 077 P619M | 019119 | 09/09/2019 | 09/09/2019 | Libros |
